000 01361cad a22002295a 4500
001 L142621
008 080225s2007 xxkad f s 000 0 eng d
035 _a(Sirsi) u142621
041 0 _aeng
050 0 4 _a333.32 $2 18
110 2 _aKing Sturge
_93877
245 0 0 _aGlobal industrial and office rents survey
_bQ4 2007
_h[electronic resource]
260 _aLondon
_bKing Sturge
_c2008
490 0 _aGlobal Industrial and Office Rents Survey
_vQ4 2007
520 _aReports that demand for industrial property is strong in the fourth quarter, with 40% of respondents reporting rising occupation costs. Finds the highest occupation costs to be London Heathrow, Oslo, Dublin and several UK regional cities. Global office markets have done especially well, with 67% of respondents reporting a rise in occupation costs over the second half of 2007. Concludes that the most dynamic office markets are in the Asia Pacific region; London remains the most expensive place for office space. Tables of rents and total occupation costs on a country by country, city by city basis.
590 _aKA
650 2 4 _aGLOBAL INDUSTRIAL AND OFFICE RENTS SURVEY
651 4 _aInternational
690 _aPROPERTY-COMMERCIAL PROPERTY-COMMERCIAL PROPERTY MARKET
856 4 0 _uhttps://www.kingsturge.com/
_zView the document free of charge at www.kingsturge.com
942 _n0
999 _c107924
_d107924